000 00331nam a2200121Ia 4500
008 230524s9999 xx 000 0 und d
100 _aKogent Learning Solutions Inc.
245 0 _aJava Server Programming Java EE6 (J2EE 1.6) Black Book
260 _bDreamtech
500 _aQuantity Number: 2
650 _aComp-Sc
942 _cBK
999 _c49967
_d49967